00732nam 2200205u 4500001000800000005001700008008004100025035002100066906004500087010001700132040001900149050001900168100004600187245003500233260005800268300006100326650006600387991004400453099002900497655893300000000000000.0820909q nyuabc 000 0 eng  9(DLC) 61008335 a0bcbccpremunvduencipf19gy-gencatlg a 61008335  aDLCcCarPdDLC00aAG5b.P27 19611 aParker, Bertha Morris. [from old catalog]14aThe golden book encyclopedia.  aNew York,bGolden Press [1960-61; v.c1, 1961; c1959] a16 v. (1536 p.)billus., col. ports., col. maps.c27 cm. 0aChildren's encyclopedias and dictionaries. [from old catalog] bc-GenCollhAG5i.P27 1961tCopy 1wPREM aparker-golden-1071429177